00768nam a22002057a 450000500170000001000150001702000260003203500140005803700090007208200150008110000270009624500840012325000060020726000410021327000880025430000210034294200260036399900190038995201540040820250707123029.0 aENG-145703 a9789367137116c920.00 aEN-129235 bDBAD a657.04228 aGupta, Ambrish 982666 aFinancial Accounting For Management:bAn Analytical Perspective/cAmbrish Gupta a8 aNoidabPearson India Educationc2025 a15th Floor, Towe-B, World Trade Tower, Plot No.1, Block-C, Sector-16bNoidae201301 a845p.c25cm(pbk) 2ddccENh657.042mGUP c212158d212158 001040708NFICaMbMd2025-07-07eDelivery of Books Act Divisiong920.00l0o657.042 GUPpEN-129235r2025-07-07 00:00:00t1v920.00w2025-07-07yEN